000 01172nam a2200301 i 4500
001 197100
003 SpMaBN
005 20250821063122.0
008 250408s2024 sp |||||| 000 | spa|
017 _aM 21641-2024
_bOficina Depósito Legal Madrid
020 _a9788410244221
040 _aSpMaBN
_bspa
_cSpMaBN
_erda
100 1 _9234553
_aPalomera Güez, Federico,
_d1951-
_eaut
245 1 0 _aFugitivos /
_cFederico Palomera.
250 _aPrimera edición: septiembre 2024
260 _aMadrid :
_bOpera Prima,
_c2024.
300 _a177 páginas ;
_c23 cm.
336 _aTexto
_2rdacontent
337 _asin mediación
_2rdamedia
338 _avolumen
_2rdacarrier
655 0 _9176540
_aAntologías
852 _aES-MaACL
_cDEPOJ
_jN-10493
_gDedicatoria autógrafa del autor
_hDonación: Federico Palomera
_xEncuadernaicón rústica con solapas
_9206616
903 _9234553
_aPalomera Güez, Federico,
_d1951-
_ednr
942 _cMONOGRAFIA
_n0
999 _c197100
_d197100